000 01696nam a2200385 a 4500
999 _c409665
_d409665
003 BLK
005 20250127102513.0
008 200815b bul|||||r ||||||| ||bul||
020 _a9786190108016
040 _aBLK
041 _aBUL
_cBUL
080 _aПолитически партии и движения
_b329
_x(497.2)(091)(047.53)
_z329(497.2)(091)(047.53)
080 _aВътрешна политика. Вж и 329
_b323
_x(497.2)(047.53)
_z323(497.2)(047.53)
080 _aДемокрация
_b321.7
_x(497.2)(047.53)
_z321.7(497.2)(047.53)
100 _aВацев, Валентин Николов
_eпърви автор
_9449435
139 _aВацев, Валентин Николов
_bВ 30
245 1 0 _aТретата национална катастрофа
_bРазговори без последствие
_cВалентин Вацев.
257 _aBGR
260 _aСофия
_bИзток-Запад
_c2021
300 _a494 с.
_c24 см
380 _a3
650 4 _aСоциализъм - България - история
_9277420
650 0 _aБългария - политика
_9243743
650 4 _aСоциалистически партии - България
_9247292
650 4 _aБългария - политически партии и движения
_9246485
650 4 _aПреход от тоталитаризъм към демокрация - България
_9245662
651 4 _aБългария
_9241624
653 _aсоциализъм
653 _aпреходно общество
856 4 _qpdf
856 4 _qpdf
942 _cKNG
_n0
_021
_s1
944 _k30560
_lГеновева Генчева
999 _d409665